| 000 | 00440nam a2200181Ia 4500 | ||
|---|---|---|---|
| 001 | 12943 | ||
| 005 | 20260306163017.0 | ||
| 008 | 260306t1961||||xx |||||||||||||| ||spa|| | ||
| 041 | _aESP | ||
| 082 |
_aRD 463 _bV87 1961 |
||
| 100 |
_aVox _eAUT |
||
| 245 | 0 | _aDiccionario general ilustrado de la lengua española | |
| 260 | _c1961 | ||
| 300 |
_a1813 páginas : _c24 cm. |
||
| 650 | _aGEN | ||
| 654 | _aCHU | ||
| 942 |
_cDIC _dJUS _fJUS _2ddc _n |
||
| 999 |
_c12943 _d12943 |
||